00337 2200145 4500245005000000250001100050100002300061650001600084650001700100005001900117260001800136041001400154084001400168336000900182 aFight For Your LIfecKhofifah MaulidinahText aCet. 1 aKhofifah Maulidina aKarya Siswa aAutobiografi a20250520094605 aJakartac2025 aIndonesia a081 KHO f atext